| 000 | 00686nam a2200265Ia 4500 | ||
|---|---|---|---|
| 008 | 160803s9999 xx 000 0 und d | ||
| 020 | _a0 590226509 | ||
| 100 | _aSoto, Gary | ||
| 245 | _aToo many tamales / | ||
| 245 | _cGary Soto ; illustrated by Ed Martinez. | ||
| 260 | _aNew York : | ||
| 260 | _bScholastic Inc. | ||
| 260 | _c1993 | ||
| 300 | _aunnumbered pages : | ||
| 300 | _bcolor illustrations ; | ||
| 300 | _c28 cm | ||
| 500 | _aOriginally published: New York : Putnam, c1993. | ||
| 650 | _aChristmas -- | ||
| 650 | _aMexican Americans -- | ||
| 650 | _aRings -- | ||
| 650 | _x Fiction. | ||
| 650 | _xFiction. | ||
| 650 | _xFiction. | ||
| 700 | _a670 | ||
| 999 |
_c298963 _d298963 |
||